000 00542nam a2200205Ia 4500
003 OSt
005 20251211130022.0
008 210707s1983 xx 000 0 und d
040 _cAL
041 _aKannada
082 _aK894.3 AYYR
100 _aAYYAR (K V)
_dಅಯ್ಯರ್ (ಕೆ ವಿ)
_9248862
245 _aRupadarshi.
_b ರೂಪದರ್ಶಿ
260 _aBengaluru
_bVishva Kannada Sammelana
_c1983
300 _aiv,324 p
365 _b3
_cINR
563 _aPB
650 _aKannada Fiction
_9248863
942 _2ddc
_cBK
999 _c180133
_d180133